Retenční indexy v plynové chromatografii

Bibliographic Details
Main Authors: Šingliar, Michal, 1923- (Author), Pacáková, Věra, 1940- (Author), Feltl, Ladislav, 1937- (Author)
Format: Article
Language:Slovak
English
Subjects:

MARC

LEADER 00000nab a2200000 a 4500
001 vtls000271606
003 SK-MaSNL
005 20260304053805.0
008 250422c1986 xo 0 slo
015 |a SNBRB19rr/mm-uuuuu 
035 |a CL0281720 
035 |a urn:nbn:sk:snk-ab7iga 
035 |a (urnnbn)urn:nbn:sk:snk:ar-005ucj 
035 |a (uuid)27ff8620-4190-4447-aeef-cb028175786c 
040 |a SNKBUCL  |b slo  |c SNKBUCL  |e AACR2 
041 0 |a eng 
044 |a xo  |c SK 
080 |a 543.54  |2 1981 
100 1 |a Šingliar, Michal,  |d 1923-  |4 aut  |9 220715 
245 1 0 |a Retenční indexy v plynové chromatografii  |c M. Šingliar ; V. Pacáková, L. Fell 
650 0 7 |a plynová chromatografia  |2 SNKPH  |9 29309 
655 7 |a články z novín a časopisov  |2 SNK  |9 267496 
700 1 |a Pacáková, Věra,  |d 1940-  |4 aut  |9 207292 
700 1 |a Feltl, Ladislav,  |d 1937-  |4 aut  |9 60644 
773 0 |t Chemical papers. Chemické zvesti  |g Roč. 40, č. 4 (1986), s. 566-567 
787 0 8 |i Rec.:  |a Pacáková, V.  |t Retenční indexy v plynové chromatografii  |d Praha : Nakladatelství technické literatury, 1986 
850 |a Slovenská národná knižnica 
852 |a Slovenská národná knižnica 
958 |a article7 
958 |a RK 
958 |a OND 
958 |a EUIPO 
992 |a RBX 
999 |c 2715320  |d 2717250